Statistics for Biggest Asian Cities by Letter - D

Click here to take the quiz!

General Stats

  • This quiz has been taken 62 times
  • The average score is 11 of 17

Answer Stats

CountryPopulationCity% Correct
India30.3 milDelhi
100%
Qatar2.42 milDoha
100%
United Arab Emirates5.35 milDubai
100%
Bangladesh20.2 milDhaka
100%
Syria3.82 milDamascus
98%
Tajikistan1.01 milDushanbe
90%
Vietnam1.01 milDa Nang
83%
Saudi Arabia2.50 milDammam
79%
South Korea2.75 milDaegu
76%
China4.55 milDalian
71%
Philippines1.57 milDavao
67%
Indonesia1.55 milDenpasar
60%
South Korea1.54 milDaejeon
45%
China1.62 milDaqing
24%
China1.65 milDatong
21%
Turkey1.04 milDiyarbakir
17%
India1.38 milDhanbad
14%

Score Distribution

Percentile by Number Answered

Percent of People with Each Score

Your Score History

You have not taken this quiz